2025-2026 NBA starters per division - Statistics

General Stats
  • This quiz has been taken 103 times
  • The average score is 27 of 36
Answer Stats
Division Position Player % Correct
Atlantic 6th man Jalen Brunson
92%
Atlantic SG Jaylen Brown
91%
Central PG Cade Cunningham
89%
Atlantic C Joel Embiid
89%
Northwest C Nikola Jokić
89%
Central SG Donovan Mitchell
88%
Central SF Giannis Antetokounmpo
88%
Northwest SG Shai Gilgeous-Alexander
88%
Atlantic PF Karl-Anthony Towns
86%
Pacific PG Luka Dončić
86%
Atlantic PG Tyrese Maxey
86%
Pacific 6th man LeBron James
84%
Northwest SF Anthony Edwards
83%
Pacific PF Kevin Durant
83%
Atlantic SF Scottie Barnes
83%
Southeast C Bam Adebayo
82%
Southwest C Victor Wembanyama
82%
Pacific SF Kawhi Leonard
81%
Southeast 6th man Trae Young
81%
Pacific SG Devin Booker
78%
Northwest PG Jamal Murray
78%
Southeast PF Jalen Johnson
77%
Southeast PG LaMelo Ball
77%
Northwest 6th man Jalen Williams
75%
Southwest PG De'Aaron Fox
73%
Central PF Pascal Siakam
73%
Pacific C Domantas Sabonis
72%
Southeast SG Tyler Herro
70%
Southeast SF Franz Wagner
68%
Southwest 6th man Ja Morant
68%
Southwest PF Zion Williamson
65%
Southwest SG Amen Thompson
61%
Northwest PF Lauri Markkanen
61%
Central 6th man Tyrese Haliburton
57%
Central C Brook Lopez
28%
Southwest SF Naji Marshall
6%
No matching quizzes found
Score Distribution
Percent of People with Each Score
Percentile by Number Answered
Your Score History
You have not taken this quiz